000 01099nam a2200313 i 4500
001 768714001
003 CO-MdFUSB
005 20220728103649.0
007 ta
008 220216t1998 mx |||| |||| 00| 0 spa d
020 _a9682707188
040 _aCO-MdFUSB
_bspa
_cCO-MdFUSB
_dCO-MdFUSBC
_erda
041 _aspa
082 _223
_a861
_bSA116
100 _aSabines, Jaime,
_eautor
245 1 _aRecuento de Poemas :
_b1950 - 1993
_c/ Jaime Sabines
264 1 _aMéxico :
_bJoaquín Mortiz,
_c[1997]
264 4 _c© 1997
300 _a286 páginas
_c; 18 cm
336 _2rdacontent
_atexto
_btxt
337 _2rdamedia
_asin mediación
_bn
338 _2rdacarrier
_avolumen
_bnc
520 _aSeleccionada por el propio Sabines, esta nueva edición de su obra reúne casi todos los poemas en dos libros anteriores: Nuevo recuento de poemas, 1989, y Otro recuento de poemas, 1950-1991, 1991. También agrega "Me encanta Dios", escrito en 1993.
563 _aRústico
650 7 _2embne
_92265
_aLiteratura hispanoamericana
650 7 _9101
_aPoética
942 _cBK
945 _aJTF-925
999 _c67223
_d67223